书目信息 |
| 题名: |
市场调查与预测
|
|
| 作者: | 刘红霞 主编 | |
| 分册: | ||
| 出版信息: | 北京 科学出版社 2007.09 |
|
| 页数: | 269页 | |
| 开本: | 20cm | |
| 丛书名: | ||
| 单 册: | ||
| 中图分类: | F71 | |
| 科图分类: | ||
| 主题词: | 商业经济--国内 | |
| 电子资源: | ||
| ISBN: | 978-7-03-019830-3 | |
| 000 | 00580nam0 2200217 45 | |
| 001 | 0957874847 | |
| 005 | 20091104160520.15 | |
| 010 | @a978-7-03-019830-3@dCNY24.00 | |
| 100 | @a20090515d2007 ekmy0 y0120 ea | |
| 102 | @aCN@b130000 | |
| 102 | @aCN@b110000 | |
| 105 | @ay z 000yy | |
| 200 | 1 | @a市场调查与预测@f刘红霞主编@Fliu hong xia zhu bian |
| 210 | @a北京@c科学出版社@d2007.09 | |
| 215 | @a269页@d20cm | |
| 606 | 0 | @a商业经济@x国内 |
| 690 | @aF71@v4 | |
| 701 | 0 | @a刘红霞@Aliu hong xia@4主编 |
| 801 | 0 | @aCN@c20091104 |
| 905 | @a10447@dF71@eG390 | |
| 906 | @d24@n3@r1 | |
| 市场调查与预测/刘红霞主编.-北京:科学出版社,2007.09 |
| 269页;20cm |
| ISBN 978-7-03-019830-3:CNY24.00 |
| ● |
| 相关链接 |
|
|
|
正题名:市场调查与预测
索取号:F71/G390
 
预约/预借
| 序号 | 登录号 | 条形码 | 馆藏地/架位号 | 状态 | 备注 |
| 1 | 656305 | 206563057 | 社科库409/409社科库 40排4列5层/ [索取号:F71/G390] | 在馆 | |
| 2 | 656306 | 206563066 | 社科二线422/422社科库 30排1列3层/ [索取号:F71/G390] | 在馆 | |
| 3 | 656307 | 206563075 | 社科库409/409社科库 40排4列5层/ [索取号:F71/G390] | 在馆 |